01463nam a22003854a 4500001001200000003000800012006001900020007001500039008004100054010001700095020004700112040002100159035002000180050002700200082001600227100002900243245008200272246003300354250001200387260005100399300002300450490002200473500002000495533015200515630001500667650004800682650004400730650004300774655002900817700002700846710001700873830004400890856012600934999001701060ebr10074874CaPaEBRm u cr cn|||||||||040302s2004 maua s 001 0 eng  z 2004005013 z1584503459 (pbk. with CD-ROM : alk. paper) aCaPaEBRcCaPaEBR a(OCoLC)7073975814aTK5105.5b.P469 2004eb04a004.6/52221 aPasricha, H.q(Harpreet)10aDesigning networks with Ciscoh[electronic resource] /cH. Pasricha, D. Jagu.14aDesigning networks for Cisco a1st ed. aHingham, Mass. :bCharles River Media,cc2004. axi, 315 p. :bill.1 aNetworking series aIncludes index. aElectronic reproduction.bPalo Alto, Calif. :cebrary,d2013.nAvailable via World Wide Web.nAccess may be limited to ebrary affiliated libraries.00aCisco IOS. 0aComputer networksxDesign and construction. 0aLocal area networks (Computer networks) 0aWide area networks (Computer networks) 7aElectronic books.2local1 aJagu, D.q(Dattakiran)2 aebrary, Inc. 0aNetworking series (Charles River Media)40uhttp://site.ebrary.com/lib/rucke/Doc?id=10074874zAn electronic book accessible through the World Wide Web; click to view c45103d45103